Oliver Twist / (Record no. 5325)
[ view plain ]
| 000 -LEADER | |
|---|---|
| fixed length control field | 01480nam a22002897a 4500 |
| 001 - CONTROL NUMBER | |
| control field | 5325 |
| 003 - CONTROL NUMBER IDENTIFIER | |
| control field | FISKH |
| 005 - DATE AND TIME OF LATEST TRANSACTION | |
| control field | 20241126105522.0 |
| 008 - FIXED-LENGTH DATA ELEMENTS--GENERAL INFORMATION | |
| fixed length control field | 241126b cb ||||| |||| 00| 0 eng d |
| 020 ## - INTERNATIONAL STANDARD BOOK NUMBER | |
| International Standard Book Number | 9781453064528 |
| 040 ## - CATALOGING SOURCE | |
| Original cataloging agency | FISKH |
| Language of cataloging | eng |
| Transcribing agency | FISKH |
| Modifying agency | FISKH |
| 050 ## - LIBRARY OF CONGRESS CALL NUMBER | |
| Classification number | PR4567 |
| 082 ## - DEWEY DECIMAL CLASSIFICATION NUMBER | |
| Classification number | 823.8 |
| 100 ## - MAIN ENTRY--PERSONAL NAME | |
| Personal name | Dickens, Charles |
| 245 ## - TITLE STATEMENT | |
| Title | Oliver Twist / |
| Statement of responsibility, etc. | by Charles Dickens : Fully illustrated and adapted |
| 260 ## - PUBLICATION, DISTRIBUTION, ETC. | |
| Place of publication, distribution, etc. | New York : |
| Name of publisher, distributor, etc. | Dalmatian Press ; |
| Date of publication, distribution, etc. | 2013. |
| 300 ## - PHYSICAL DESCRIPTION | |
| Extent | 182 pages : |
| Other physical details | illustrations ; |
| Dimensions | 22 cm . |
| 505 ## - FORMATTED CONTENTS NOTE | |
| Formatted contents note | Z <br/> |
| 520 ## - SUMMARY, ETC. | |
| Summary, etc. | Oliver Twist is born an orphan and grows up handed from bad position to worse. Eventually he ends up in the London street gang run by Fagin, who attempts to blacken the boy's pure soul in his service. Through chance and coincidence Oliver is restored to his mother's middle-class family, where he is shown love and comfort for the first time in his life. The villains' attempts to kidnap him back are foiled and all are transported or hanged.<br/><br/>Full of sharp irony and wit, Oliver Twist was Dickens' first social novel. He did not indulge in the romanticism of villains, popular at the time, but attempted to display areas and practices in London which were all but visible to his readership.<br/><br/>. |
| 521 8# - TARGET AUDIENCE NOTE | |
| Target audience note | 1000 <br/> |
| Source | Lexile <br/> |
| 521 8# - TARGET AUDIENCE NOTE | |
| Target audience note | Z <br/> |
| Source | Raz-Plus <br/> |
| 650 ## - SUBJECT ADDED ENTRY--TOPICAL TERM | |
| Topical term or geographic name entry element | orphan |
| Form subdivision | Fiction |
| 650 ## - SUBJECT ADDED ENTRY--TOPICAL TERM | |
| Topical term or geographic name entry element | novel |
| Form subdivision | Fiction |
| 700 ## - ADDED ENTRY--PERSONAL NAME | |
| Personal name | Hargreaves, Martin |
| Relator term | illustrator |
| 942 ## - ADDED ENTRY ELEMENTS (KOHA) | |
| Source of classification or shelving scheme | Dewey Decimal Classification |
| Koha item type | Books |
| Suppress in OPAC | No |
| Withdrawn status | Lost status | Source of classification or shelving scheme | Damaged status | Not for loan | Collection | Home library | Current library | Shelving location | Date acquired | Total Checkouts | Full call number | Barcode | Date due | Date last seen | Date last checked out | Price effective from | Koha item type |
|---|---|---|---|---|---|---|---|---|---|---|---|---|---|---|---|---|---|
| Dewey Decimal Classification | Fiction | Footprints International School Library Network Toul Tom Poung Campus | Footprints International School Library Network Toul Kork Campus | TTP Secondary Fiction Bookshelves | 11/26/2024 | 1 | DIC 823.8 PR4567 | FISO1031 | 04/22/2026 | 04/08/2026 | 04/08/2026 | 11/26/2024 | Books |
